| 000 | 01079cam a22002054a 4500 | ||
|---|---|---|---|
| 005 | 20250605164235.0 | ||
| 008 | 250528s ||||||||||||||||||||||||d | ||
| 035 | _a21099 | ||
| 020 | _a9780470129128 | ||
| 040 |
_aGR-AtMCL _bgre _dGR-AtMCL _eAACR2 |
||
| 245 | 1 | _aA History of Modern Psychology / Third Edition | |
| 250 | _a3rd | ||
| 260 |
_bJohn Wiley And Sons, Inc, _c2008 |
||
| 300 | _a578 | ||
| 520 | _aPreface, Acknowledgements, Introducing Psychology's History, The Philosophical Context, The Physiological Context: Early Research on the Nervous System, Wundt and German Psychology, Darwin's Century: Evolutionary Thinking, American Pioneers, Structuralism and Functionalism, Applying the New Psychology, Gestalt Psychology, The Origins of Behaviorism, The Evolution of Behaviorism, Mental Illness and Its Treatment, Psychology's Practitioners, Psychological Science in the Post-War Era, Linking Psychology's Past and Present, References, Glossary, Name and Subject Index. | ||
| 700 | 1 |
_aGoodwin C.James _97127 |
|
| 942 | _cBK | ||
| 999 |
_c6168 _d6168 |
||